地獄黎明

資料類型: Book 圖書   書目號:49753

Leader xxxxxxxxxx
001 __ PCLIS00049753
005 __ 20211109095426.0
010 0_ |a978-986-5607-07-4|b平裝|dNT$260
100 __ |a20160421d2015    m  y0chiy09      e
101 0_ |achi
102 __ |atw
105 __ |ay   z   000ay
200 1_ |a地獄黎明|fDiv(另一種聲音)著
205 __ |a初版
210 __ |a臺北市|c春天出版|a新北市新店區|c楨德圖書總經銷|d2015[民104]
215 0_ |a303面||d21公分
225 2_ |a地獄系列|i第十二部|h13
225 2_ |a奇幻次元|v30
300 __ |a地獄系列第十三部
410 _0 |12001 |a奇幻次元|v30
461 _1 |12001 |a地獄系列|v13
681 __ |a857.7|b8726
681 __ |a857.7|b8538
700 _0 |aDiv|c(另一種聲音)|f1978- |4702 _1 |a|b宜勳|4總編輯
801 _0 |atw|b內湖高中|c20160421|gCCR
801 _2 |atw|b內湖高中|c20211109|gCCR
詳細館藏(共 1 筆)
索 書 號登 錄 號冊次號館別 / 館藏地流通類型狀態加入預約清單電子資源
857.7 / 8726 1023524 v.13 圖書館 / 一樓普通區 可外借30天 在館   

| 條列資料




目錄查詢 分類查詢 個人資料 圖書薦購 新書查詢 閉館日 排行榜 更多電子資源 Hami書城 線上資料庫 登出

From : 216.73.217.52

  本日流通累計至 12:49:21 借閱 : 0 次 續借 : 0 次 歸還 : 0 次 預約 : 0 次 電子資源 : 0 次


內湖高中圖書館  PCLIS 版本  26.5.0.12